000 00862cam a22001811 4500
082 _a940.4
_bMIL
_cD
100 1 _aMoberly, F. J.
_949412
245 1 0 _aMilitary operations, Togoland and the Cameroons, 1914-1916,
_ccompiled, by arrangement with the Colonial office, under the direction of the Historical section of the committee of imperial defence, by Brig.-General F. J. Moberly.
260 _aLondon,
_bH.M. Stationery office,
_c1931.
300 _axxv, 469 p.
_bfront., illus. (plan) plates, port., fold. maps.
_c23 cm.
490 0 _aHistory of the great war based on official documents.
500 _aPart of the folded maps are in pocket.
526 _a0
_b0
_c0
_d940_400000000000000_MIL
650 0 _aMCE
_9379
650 0 _aWorld War, 1914-1918
_xCampaigns
_zCameroon.
_949664
650 0 _aWorld War, 1914-1918
_xCampaigns
_zTogo.
_949665
942 _2ddc
_cBK
999 _c552452
_d552452